000 00625nam a2200193Ii 4500
003 JO-AjNU
008 230605s9999||||xx |||||||||||||| ||und||
040 _aJO-AjNU
_bara
_erda
_cJO-AjNU
041 _aara
050 1 4 _aR144 1995
100 3 _aالخطيب ، خليل محمد,
_eauthor
_98569
245 0 0 _aابن البيطار واثرة في الطب والصيدلة
264 3 1 _aاربد:دار الكندي ، 1995
300 _a120ص
336 _atext
_btxt
_2rdacontent
337 _aunmediated
_bn
_2rdamedia
338 _avolume
_bnc
_2rdacarrier
650 4 _aالطب العربي-ابن البيطار
_98570
999 _aA855
_c4423
_d4423